000 00892nas a2200301 4500
001 BR9900118
003 BR-BrBNA
005 20231205101149.0
007 ta
008 230509b bl.|||p| |||| 00| 00por d
040 _aBR-BrBNA
_bpor
_cBiblioteca Nacional de Agricultura
041 _a(Pt)
072 _aJ11
100 1 _aSilva, A.P. da
100 1 _aLima, C.L.C. de
100 1 _aVieites, R.L.
245 1 _aCaracterizacao quimica e fisica do jenipapo (Genipa americana L.)armazenado
650 _aJenipapo
650 _aPos-Colheita
650 _aArmazenamento
650 _aPreservacao de Alimento
650 _aAnalise Quimica
650 _aPropriedade Fisico-Quimica
650 _aSao Paulo
773 0 _tScientia Agricola (Brazil)
_xISSN 0103-9016
_g(Jan-Apr 1998), v. 55(1) p. 29-34
_wBR9900118
909 _a202311
_bLúcia
_c55
_dLúcia Elande
942 _2AGRIS
_n0
_cANA
999 _c160149
_d160149